[Event "Bundesliga 2012-13"]
[Site "Wattenscheid GER"]
[Date "2012.12.09"]
[Round "6"]
[Board "7"]
[White "Hoffmann, Michael1"]
[Black "Braun, Arik"]
[Result "0-1"]
[WhiteTitle "GM"]
[BlackTitle "GM"]
[WhiteElo "2474"]
[BlackElo "2556"]
[WhiteTeam "SG Solingen"]
[BlackTeam "SC Eppingen"]
[WhiteFideId "4601297"]
[BlackFideId "4663527"]
[EventDate "2012.10.20"]
[EventType "team"]

1. d4 Nf6 2. c4 e6 3. Nc3 Bb4 4. e3 c5 5. Ne2 cxd4 6. exd4 d5 7. c5 Ne4 8. Bd2
Nc6 9. Nxe4 dxe4 10. Bxb4 Nxb4 11. Qa4+ Nc6 12. Rd1 O-O 13. Nc3 f5 14. Be2 Kh8
15. O-O Bd7 16. d5 exd5 17. Rxd5 Qe7 18. Rfd1 Rad8 19. Rd6 Bc8 20. Bb5 Rde8 21.
Bxc6 bxc6 22. Qxc6 f4 23. Qd5 e3 24. Qd4 Qg5 25. Rd5 Qg6 26. h4 Qc2 27. fxe3
fxe3 28. Kh2 Rf3 29. Kh1 e2 30. Nxe2 Qxe2 31. gxf3 Qxf3+ 32. Kg1 Qg3+ 33. Kh1
Bg4 0-1

[Event "Bundesliga 2012-13"]
[Site "Griesheim GER"]
[Date "2012.12.09"]
[Round "6"]
[Board "5"]
[White "Horvath, Peter"]
[Black "Zwanzger, Johannes"]
[Result "1/2-1/2"]
[WhiteTitle "GM"]
[WhiteElo "2434"]
[BlackElo "2326"]
[WhiteTeam "SV Griesheim"]
[BlackTeam "SC Forchheim"]
[WhiteFideId "700843"]
[BlackFideId "4646738"]
[EventDate "2012.10.20"]
[EventType "team"]

1. d4 d5 2. c4 e6 3. Nc3 Be7 4. cxd5 exd5 5. Bf4 c6 6. e3 Bf5 7. Bd3 Bxd3 8.
Qxd3 Bd6 9. Bg3 Ne7 10. Nf3 O-O 11. Ng5 Ng6 12. Bxd6 Qxd6 13. h4 h6 14. Nf3 Nd7
15. h5 Ne7 16. g4 f5 17. g5 f4 18. e4 dxe4 19. Nxe4 Qb4+ 20. Kf1 Nf5 21. gxh6
Nxh6 22. a3 Qa5 23. Neg5 Qf5 24. Qb3+ Kh8 25. Qxb7 Rab8 26. Qxc6 Rxb2 27. Rg1
Rfb8 28. Qe4 Rb1+ 29. Rxb1 Rxb1+ 30. Ne1 Nf6 31. Qxf5 Nxf5 32. Nf3 Ne4 33. Rg4
Ra1 34. Rxf4 Ned6 35. Ne5 Rxa3 36. N1f3 a5 37. d5 Ra1+ 38. Kg2 Kh7 39. Nd4 Nxd4
40. Rxd4 a4 41. Nc4 Nxc4 42. Rxc4 Rd1 43. Rxa4 1/2-1/2

[Event "Bundesliga 2012-13"]
[Site "Emsdetten GER"]
[Date "2013.02.03"]
[Round "8"]
[Board "7"]
[White "Fish, Gennadij"]
[Black "Medvegy, Zoltan"]
[Result "1/2-1/2"]
[WhiteTitle "GM"]
[BlackTitle "GM"]
[WhiteElo "2475"]
[BlackElo "2561"]
[WhiteTeam "SV Werder Bremen"]
[BlackTeam "SC Eppingen"]
[WhiteFideId "14102803"]
[BlackFideId "708402"]
[EventDate "2012.10.20"]
[EventType "team"]

1. d4 Nf6 2. c4 e6 3. Nc3 Bb4 4. e3 O-O 5. Bd3 c5 6. Ne2 cxd4 7. exd4 d5 8. cxd5
Qxd5 9. O-O Qh5 10. Ne4 Nbd7 11. Bd2 Qa5 12. N2c3 Be7 13. Qe2 Rd8 14. Nb5 Qb6
15. a4 a5 16. Bg5 Nd5 17. Bxe7 Nxe7 18. Ned6 Rf8 19. Rac1 Nf6 20. Rc7 Ned5 21.
Nc4 Qa6 22. Ne5 Qb6 23. Nc4 Qa6 24. Ne5 Qb6 25. Nc4 Qa6 1/2-1/2

[Event "Bundesliga 2012-13"]
[Site "Eppingen GER"]
[Date "2013.02.23"]
[Round "9"]
[Board "2"]
[White "Baramidze, David"]
[Black "Farago, Ivan"]
[Result "1-0"]
[WhiteTitle "GM"]
[BlackTitle "GM"]
[WhiteElo "2615"]
[BlackElo "2488"]
[WhiteTeam "SV 1930 Hockenheim"]
[BlackTeam "SV Griesheim"]
[WhiteFideId "4667719"]
[BlackFideId "700134"]
[EventDate "2012.10.20"]
[EventType "team"]

1. d4 Nf6 2. c4 e6 3. Nf3 d5 4. g3 dxc4 5. Bg2 Nc6 6. Qa4 Bb4+ 7. Bd2 Nd5 8.
Bxb4 Nxb4 9. O-O a6 10. Ne5 O-O 11. Nxc6 Nxc6 12. Bxc6 bxc6 13. Qxc4 Qd6 14. Nd2
Rb8 15. Qc3 Rd8 16. Nb3 Rb5 17. Rfc1 e5 18. Qxc6 Qxc6 19. Rxc6 exd4 20. Rd1 h6
21. Rxc7 Be6 22. Rxd4 Rxd4 23. Nxd4 Rxb2 24. Nxe6 fxe6 25. e3 Rb6 26. h4 Kh7 27.
Ra7 Kg6 28. Kg2 h5 29. a4 Kf6 30. a5 Rc6 31. f4 g6 32. Kf3 Rd6 33. e4 Rd3+ 34.
Kf2 Rd2+ 35. Ke3 Ra2 36. Rxa6 Ra3+ 37. Kf2 Ra2+ 38. Ke3 Ra3+ 39. Kd4 Rxg3 40.
Ra8 Ra3 41. a6 Ra4+ 42. Kc5 Kg7 43. a7 Kh7 44. Kd6 Kg7 45. e5 Ra6+ 46. Ke7 1-0

[Event "Bundesliga 2012-13"]
[Site "Bremen GER"]
[Date "2013.02.24"]
[Round "10"]
[Board "6"]
[White "Kotainy, Jens"]
[Black "Fish, Gennadij"]
[Result "1-0"]
[WhiteTitle "IM"]
[BlackTitle "GM"]
[WhiteElo "2413"]
[BlackElo "2475"]
[WhiteTeam "SF Katernberg"]
[BlackTeam "SV Werder Bremen"]
[WhiteFideId "24670499"]
[BlackFideId "14102803"]
[EventDate "2012.10.20"]
[EventType "team"]

1. e4 c5 2. c3 e6 3. d4 d5 4. exd5 exd5 5. Nf3 Nc6 6. Bb5 Bd6 7. dxc5 Bxc5 8.
O-O Ne7 9. Nbd2 Bg4 10. h3 Bh5 11. Bd3 h6 12. Nb3 Bd6 13. Be3 O-O 14. Re1 Ne5
15. Be2 Nc4 16. Bxc4 dxc4 17. Nbd2 Rc8 18. Ne4 Rc6 19. Bd4 Bb8 20. Ng3 Bxg3 21.
fxg3 Qc7 22. g4 Bg6 23. Be5 Qb6+ 24. Qd4 Qxd4+ 25. Nxd4 Ra6 26. Bxg7 Kxg7 27.
Rxe7 Rb6 28. b4 cxb3 29. axb3 a6 30. Rae1 Rc8 31. R1e3 Kf6 32. Rd7 Rc5 33. h4 h5
34. g5+ Kg7 35. Re6 Rcb5 36. b4 Rxe6 37. Nxe6+ Kg8 38. Nf4 a5 39. Nd5 axb4 40.
Rd8+ Kg7 41. Nf6 Bh7 42. Nxh5+ Kg6 43. g4 f5 44. Rf8 Rb6 45. cxb4 fxg4 46. Rf6+ 1-0

[Event "Bundesliga 2012-13"]
[Site "Trier GER"]
[Date "2013.02.24"]
[Round "10"]
[Board "8"]
[White "Straeter, Timo"]
[Black "Seger, Ruediger"]
[Result "1/2-1/2"]
[WhiteTitle "FM"]
[BlackTitle "IM"]
[WhiteElo "2360"]
[BlackElo "2390"]
[WhiteTeam "SV Wattenscheid"]
[BlackTeam "SG Trier"]
[WhiteFideId "4621964"]
[BlackFideId "4617274"]
[EventDate "2012.10.20"]
[EventType "team"]

1. Nf3 Nf6 2. c4 g6 3. Nc3 d5 4. cxd5 Nxd5 5. e4 Nxc3 6. dxc3 Qxd1+ 7. Kxd1 f6
8. Kc2 e5 9. Be3 Nd7 10. Nd2 Bc5 11. Bxc5 Nxc5 12. b4 Ne6 13. Nc4 Bd7 14. a4 Ke7
15. f3 Rad8 16. Ne3 c6 17. Bc4 Bc8 18. Rhd1 h5 19. h4 Rxd1 20. Rxd1 Rd8 21. Re1
Ng7 22. g3 Be6 23. f4 Bxc4 24. Nxc4 Ke6 25. fxe5 fxe5 26. Na5 Rd7 27. Rd1 Rc7
28. Rd8 Kf6 29. Rf8+ Ke6 30. Rg8 Kf6 31. Rf8+ Ke6 32. Nc4 Re7 33. Ra8 b6 34. Rg8
Rc7 35. Rd8 Kf6 36. Rf8+ Ke6 37. Kd3 Ke7 38. Rb8 Ke6 39. a5 b5 40. Nd2 Re7 41.
c4 bxc4+ 42. Kxc4 Ne8 43. Kc5 Nf6 44. Kxc6 Rd7 45. Nb3 Rd6+ 46. Kb5 Nxe4 47. a6
Rd7 48. Rb7 Nc3+ 49. Kc4 Ne4 50. Kb5 Nc3+ 51. Ka5 Kd6 52. Nc5 Rc7 53. Ne6 Re7
54. Nf8 e4 55. b5 e3 56. Rxe7 Kxe7 57. Nxg6+ Kd6 58. Nf4 Nd5 59. Nd3 Nb6 60. Kb4
Kd5 61. Kc3 Ke4 62. Ne1 1/2-1/2

[Event "Bundesliga 2012-13"]
[Site "Eppingen GER"]
[Date "2013.02.24"]
[Round "10"]
[Board "6"]
[White "Grabarczyk, Bogdan"]
[Black "Medvegy, Zoltan"]
[Result "1/2-1/2"]
[WhiteTitle "IM"]
[BlackTitle "GM"]
[WhiteElo "2393"]
[BlackElo "2561"]
[WhiteTeam "SV Griesheim"]
[BlackTeam "SC Eppingen"]
[WhiteFideId "1101463"]
[BlackFideId "708402"]
[EventDate "2012.10.20"]
[EventType "team"]

1. e4 c5 2. Nf3 d6 3. d4 cxd4 4. Nxd4 Nf6 5. Nc3 a6 6. Bg5 Nbd7 7. Qe2 Qc7 8.
O-O-O e6 9. f4 Be7 10. g3 b5 11. Bg2 Bb7 12. Bxf6 Nxf6 13. e5 dxe5 14. Ndxb5 Qb6
15. Bxb7 Qxb7 16. fxe5 axb5 17. exf6 Bxf6 18. Nxb5 O-O 19. Kb1 Rfc8 20. c4 Qc6
21. b3 Rxa2 22. Qxa2 Ra8 23. Na3 Qc5 24. Rhf1 Rxa3 25. Rxf6 gxf6 26. Qb2 Qf5+
27. Kc1 Qa5 28. Kb1 Qf5+ 29. Kc1 Qa5 30. Kb1 e5 31. Rc1 e4 32. c5 e3 33. Qc3
Qxc3 34. Rxc3 e2 35. Rc1 Rxb3+ 36. Kc2 Rf3 37. Kd2 Rf1 38. Re1 Rf5 39. Rc1 Rf1 1/2-1/2

[Event "Bundesliga 2012-13"]
[Site "Eppingen GER"]
[Date "2013.02.24"]
[Round "10"]
[Board "7"]
[White "Braun, Arik"]
[Black "Walter, Stefan2"]
[Result "1-0"]
[WhiteTitle "GM"]
[WhiteElo "2556"]
[BlackElo "2358"]
[WhiteTeam "SC Eppingen"]
[BlackTeam "SV Griesheim"]
[WhiteFideId "4663527"]
[BlackFideId "4686608"]
[EventDate "2012.10.20"]
[EventType "team"]

1. d4 Nf6 2. c4 e6 3. Nc3 Bb4 4. e3 O-O 5. Ne2 d5 6. a3 Bd6 7. Nf4 b6 8. Qf3 Bb7
9. Bd2 Nbd7 10. cxd5 exd5 11. Nfxd5 Nxd5 12. Nxd5 Kh8 13. e4 f5 14. Bc4 fxe4 15.
Qh3 Nf6 16. Ne3 Bf4 17. Bb4 Qxd4 18. Bxf8 Rxf8 19. Rd1 Qxb2 20. O-O Bc8 21. Be6
Bxe6 22. Qxe6 Bxe3 23. fxe3 Qxa3 24. Kh1 h6 25. h3 Re8 26. Qc6 Qe7 27. Rc1 Qe5
28. Qxc7 Qxc7 29. Rxc7 a5 30. Rd1 Re5 31. Kg1 Nd5 32. Rc8+ Kh7 33. Kf2 a4 34. g4
Nb4 35. Rd7 Nd3+ 36. Kg3 Nc5 37. Ra7 b5 38. Rcc7 Ne6 39. Re7 Kg6 40. h4 h5 41.
gxh5+ Kh7 42. h6 a3 43. hxg7 1-0

[Event "Bundesliga 2012-13"]
[Site "Hamburg GER"]
[Date "2013.03.16"]
[Round "11"]
[Board "6"]
[White "Mueller, Karsten"]
[Black "Braun, Arik"]
[Result "1-0"]
[WhiteTitle "GM"]
[BlackTitle "GM"]
[WhiteElo "2529"]
[BlackElo "2556"]
[WhiteTeam "Hamburger SK"]
[BlackTeam "SC Eppingen"]
[WhiteFideId "4600347"]
[BlackFideId "4663527"]
[EventDate "2012.10.20"]
[EventType "team"]

1. e4 e6 2. d4 d5 3. Nc3 Bb4 4. exd5 exd5 5. Bd3 Qf6 6. Ne2 Ne7 7. O-O Bg4 8.
Nb5 Ba5 9. f3 Bf5 10. Bf4 Kd7 11. g4 Bxd3 12. Qxd3 Nbc6 13. c4 a6 14. Na3 Bb6
15. c5 Ba7 16. Nc2 h5 17. Ne3 Rae8 18. Rad1 Qg6 19. Nc3 Qxd3 20. Rxd3 Nb4 21.
Rd2 Ng6 22. Ng2 b6 23. a3 Nc6 24. Nxd5 bxc5 25. dxc5 Bxc5+ 26. Kh1 Nxf4 27.
Ngxf4 Bd6 28. Nxh5 Rhg8 29. Rfd1 Kc8 30. Rc2 Kb7 31. Kg2 Re5 32. Ng3 Rh8 33. h3
Rd8 34. Rd3 Ne7 35. Rb3+ Kc8 36. Nb6+ Kb7 37. Nd5+ Kc8 38. Nb6+ Kb7 39. Nc4+ Rb5
40. Rxb5+ axb5 41. Nxd6+ Rxd6 42. Ne4 Rd4 43. Ng5 Nd5 44. Kg3 f5 45. gxf5 Rf4
46. Ne6 Rxf5 47. Rc5 Kb6 48. b4 Rf6 49. Nd4 Rg6+ 50. Kf2 c6 51. Nxc6 Nf4 52. Ne5
Nxh3+ 53. Ke3 Rg1 54. Nd7+ Ka6 55. Nb8+ Kb6 56. Nd7+ Ka6 57. Rh5 Ng5 58. Kf2
Nxf3 59. Kxf3 Ra1 60. Nc5+ Kb6 61. Rg5 Rxa3+ 62. Ke4 Ra1 63. Rg6+ Kc7 64. Rxg7+
Kc6 65. Rg6+ Kc7 66. Ne6+ Kb7 67. Kd5 Rc1 68. Nc5+ Kc7 69. Rg7+ Kb6 70. Rb7# 1-0

[Event "Bundesliga 2012-13"]
[Site "Muelheim GER"]
[Date "2013.03.17"]
[Round "12"]
[Board "1"]
[White "Volokitin, Andrei"]
[Black "Schneider, Ilja"]
[Result "1/2-1/2"]
[WhiteTitle "GM"]
[BlackTitle "IM"]
[WhiteElo "2724"]
[BlackElo "2489"]
[WhiteTeam "SF Katernberg"]
[BlackTeam "SF Berlin 1903"]
[WhiteFideId "14107090"]
[BlackFideId "4663306"]
[EventDate "2012.10.20"]
[EventType "team"]

1. e4 e5 2. Nf3 d6 3. d4 exd4 4. Nxd4 Nf6 5. Nc3 Be7 6. Be2 O-O 7. O-O Re8 8. f4
Bf8 9. Bf3 c5 10. Nb3 Nc6 11. Re1 c4 12. Nd4 d5 13. e5 Ng4 14. Nxc6 Qh4 15. Nd4
Bc5 16. Ne2 Qxh2+ 17. Kf1 f6 18. Ng1 Qg3 19. Bxg4 Bxg4 20. Ngf3 fxe5 21. Rxe5
Rxe5 22. fxe5 Bxf3 23. gxf3 Qh3+ 24. Kg1 Qg3+ 25. Kf1 Qh3+ 1/2-1/2

[Event "Bundesliga 2012-13"]
[Site "Muelheim GER"]
[Date "2013.03.17"]
[Round "12"]
[Board "7"]
[White "Scholz, Christian"]
[Black "Thiede, Lars"]
[Result "1/2-1/2"]
[WhiteTitle "IM"]
[BlackTitle "IM"]
[WhiteElo "2389"]
[BlackElo "2441"]
[WhiteTeam "SF Katernberg"]
[BlackTeam "SF Berlin 1903"]
[WhiteFideId "4617150"]
[BlackFideId "4607759"]
[EventDate "2012.10.20"]
[EventType "team"]

1. d4 d6 2. Nf3 g6 3. c4 Bg7 4. Nc3 Bg4 5. e3 Nc6 6. h3 Bxf3 7. Qxf3 e5 8. d5
Nb4 9. Qd1 a5 10. a3 Na6 11. e4 Ne7 12. Be2 O-O 13. Rb1 f5 14. b4 axb4 15. axb4
c5 16. dxc6 bxc6 17. O-O Nc7 18. b5 Ne6 19. bxc6 Nxc6 20. Qd5 Nd4 21. Bd3 Kh8
22. Nb5 Nc5 23. Rd1 fxe4 24. Bf1 Na4 25. Ra1 Qh4 26. Be3 Nc2 27. Nxd6 Nxe3 28.
fxe3 Qf2+ 29. Kh1 Nc3 30. Nf7+ Kg8 31. Nh6+ Kh8 32. Nf7+ Kg8 33. Nh6+ 1/2-1/2

[Event "Bundesliga 2012-13"]
[Site "Schwetzingen GER"]
[Date "2013.04.05"]
[Round "13"]
[Board "6"]
[White "Nielsen, Peter Heine"]
[Black "Galyas, Miklos"]
[Result "1-0"]
[WhiteTitle "GM"]
[BlackTitle "IM"]
[WhiteElo "2662"]
[BlackElo "2423"]
[WhiteTeam "OSC Baden-Baden"]
[BlackTeam "SG Trier"]
[WhiteFideId "1400355"]
[BlackFideId "707244"]
[EventDate "2012.10.20"]
[EventType "team"]

1. d4 f5 2. g3 Nf6 3. Bg2 g6 4. Nf3 Bg7 5. O-O O-O 6. c4 d6 7. Nc3 c6 8. Rb1 Kh8
9. b4 Nbd7 10. b5 Nb6 11. bxc6 bxc6 12. Nd2 Qe8 13. Ba3 Be6 14. c5 Nbd5 15. Nxd5
Nxd5 16. Qc2 dxc5 17. Bxc5 f4 18. Rb7 g5 19. Nf3 g4 20. Nh4 Bf6 21. Nf5 Qh5 22.
Nxe7 f3 23. exf3 gxf3 24. Re1 Nf4 25. Bf1 Bh3 26. Qc4 Bxf1 27. Qxf1 Ne2+ 28. Kh1
Rf7 29. Reb1 Re8 30. Rb8 Rxe7 31. Bxe7 Bxe7 32. Rxe8+ Qxe8 33. Qh3 Nxd4 34. Qh6
c5 35. Qe3 Kg7 36. Qe5+ Kf7 37. Qh5+ Kf8 38. Qxh7 Qd8 39. Rb8 1-0

[Event "Bundesliga 2012-13"]
[Site "Schwetzingen GER"]
[Date "2013.04.05"]
[Round "13"]
[Board "4"]
[White "Rapport, Richard"]
[Black "Janssen, Ruud"]
[Result "1-0"]
[WhiteTitle "GM"]
[BlackTitle "GM"]
[WhiteElo "2621"]
[BlackElo "2483"]
[WhiteTeam "SV Werder Bremen"]
[BlackTeam "SK Turm Emsdetten"]
[WhiteFideId "738590"]
[BlackFideId "1004816"]
[EventDate "2012.10.20"]
[EventType "team"]

1. d4 Nf6 2. c4 e6 3. Nc3 Bb4 4. e3 b6 5. Ne2 Ba6 6. Ng3 Bb7 7. Bd2 h5 8. h4 Bd6
9. Rh3 g6 10. Qc2 Nc6 11. a3 a6 12. Nge4 Be7 13. Ng5 Nh7 14. Nf3 d5 15. b4 Bf6
16. cxd5 exd5 17. Bd3 Ne7 18. Ne2 Bc8 19. Rh1 Bf5 20. Bxf5 Nxf5 21. Nf4 Qd7 22.
Rc1 Ra7 23. Qb3 Ne7 24. a4 Nf8 25. Nd3 Ne6 26. Nfe5 Bxe5 27. Nxe5 Qd8 28. b5 f6
29. Nc6 Nxc6 30. Rxc6 Qd7 31. Ke2 Kf7 32. Rhc1 Re8 33. Kf1 Nd8 34. R6c2 axb5 35.
axb5 Ne6 36. Qd3 Rea8 37. g4 hxg4 38. h5 f5 39. Rc6 Ra1 40. hxg6+ Kxg6 41. e4
fxe4 42. Qg3 Rxc1+ 43. Bxc1 Ra1 44. Qxg4+ Kf7 45. Kg2 Qe7 46. Qh5+ Kg8 47. Qg6+
Ng7 48. Bh6 e3 49. fxe3 Ra2+ 50. Kg3 Ra1 51. Kg2 Ra2+ 52. Kf3 Rb2 53. Kg3 Qf8
54. Qxg7+ Qxg7+ 55. Bxg7 Kxg7 56. Rxc7+ Kf8 57. Kf4 Rxb5 58. Rc6 Rb1 59. Ke5 Rb3
60. Rf6+ Kg7 61. Rf3 Rb5 62. Kd6 Kg6 63. Rf8 Kg5 64. Re8 Kg4 65. Kc6 Rb1 66.
Kxd5 Kf3 67. e4 Ke3 68. Ke5 b5 69. Rh8 b4 70. d5 b3 71. d6 b2 72. Rb8 Kf3 73.
Rb3+ Kg4 74. d7 1-0

[Event "Bundesliga 2012-13"]
[Site "Schwetzingen GER"]
[Date "2013.04.06"]
[Round "14"]
[Board "5"]
[White "Babula, Vlastimil"]
[Black "Berndt, Stephan"]
[Result "1-0"]
[WhiteTitle "GM"]
[BlackTitle "IM"]
[WhiteElo "2585"]
[BlackElo "2443"]
[WhiteTeam "SV Werder Bremen"]
[BlackTeam "SF Berlin 1903"]
[WhiteFideId "301264"]
[BlackFideId "4615468"]
[EventDate "2012.10.20"]
[EventType "team"]

1. d4 Nf6 2. c4 e6 3. Nc3 Bb4 4. e3 c5 5. Ne2 cxd4 6. exd4 O-O 7. a3 Be7 8. Nf4
d5 9. Be3 Nc6 10. cxd5 Nxd5 11. Ncxd5 exd5 12. Bd3 Bg5 13. O-O Bxf4 14. Bxf4 Qf6
15. Be3 Bf5 16. Be2 Rfe8 17. Re1 h6 18. Bf1 Re6 19. Qd2 Rae8 20. b4 a6 21. a4
Ne7 22. b5 Ng6 23. bxa6 bxa6 24. f3 Rc8 25. Rac1 Rec6 26. Rc5 Bd7 27. a5 Nh4 28.
Bf2 Nf5 29. Rxd5 Rc2 30. Qf4 Be6 31. Rde5 g5 32. Qe4 Nd6 33. Qd3 Ra2 34. Qxa6
Bc4 35. Bxc4 Rxc4 36. h3 Rxf2 37. Qa8+ Rc8 38. Re8+ Kh7 39. Rxc8 Qxd4 40. Rh8+
Kg6 41. Kh1 Ra2 42. Qf8 Ra1 43. Rxh6+ Kf5 44. Qe7 1-0

[Event "Bundesliga 2012-13"]
[Site "Schwetzingen GER"]
[Date "2013.04.06"]
[Round "14"]
[Board "4"]
[White "Landa, Konstantin"]
[Black "Smeets, Jan"]
[Result "1/2-1/2"]
[WhiteTitle "GM"]
[BlackTitle "GM"]
[WhiteElo "2641"]
[BlackElo "2613"]
[WhiteTeam "SV Muelheim-Nord"]
[BlackTeam "SG Solingen"]
[WhiteFideId "4101685"]
[BlackFideId "1007246"]
[EventDate "2012.10.20"]
[EventType "team"]

1. d4 d5 2. c4 c6 3. cxd5 cxd5 4. Bf4 Nc6 5. e3 Nf6 6. Nc3 Bg4 7. f3 Bd7 8. Bd3
e6 9. g4 Nb4 10. Bb1 Bc6 11. Nge2 Bd6 12. a3 Na6 13. Bc2 Bxf4 14. Nxf4 g5 15.
Nd3 h5 16. Ne5 Nb8 17. Qe2 Nfd7 18. Nd3 hxg4 19. fxg4 Na6 20. O-O-O Qe7 21. Rdf1
O-O-O 22. Qf2 Rdf8 23. Qg3 Rh6 24. h3 b6 25. Rh2 Rfh8 26. Kb1 Kb7 27. Rhh1 f6
28. Rc1 Qf8 29. Na2 Qb8 30. Qg2 Qd6 31. Ndb4 Nxb4 32. Nxb4 Bb5 33. e4 a5 34.
exd5 axb4 35. dxe6+ Kb8 36. exd7 bxa3 37. Bf5 Bxd7 38. Bxd7 Qxd7 39. Qg3+ Kb7
40. Qf3+ Kb8 41. Qg3+ Kb7 42. Qf3+ Kb8 43. Rc3 axb2 44. Kxb2 Rd8 45. Rd1 1/2-1/2

[Event "Bundesliga 2012-13"]
[Site "Schwetzingen GER"]
[Date "2013.04.06"]
[Round "14"]
[Board "5"]
[White "Holzke, Frank"]
[Black "Kotainy, Jens"]
[Result "0-1"]
[WhiteTitle "GM"]
[BlackTitle "IM"]
[WhiteElo "2521"]
[BlackElo "2413"]
[WhiteTeam "SV Wattenscheid"]
[BlackTeam "SF Katernberg"]
[WhiteFideId "4600428"]
[BlackFideId "24670499"]
[EventDate "2012.10.20"]
[EventType "team"]

1. e4 e6 2. d4 d5 3. Nd2 h6 4. Ngf3 Nf6 5. e5 Nfd7 6. Bd3 c5 7. c3 Nc6 8. O-O g5
9. dxc5 Bxc5 10. Qe2 g4 11. Nd4 Ncxe5 12. Bb5 Qc7 13. f4 gxf3 14. Nxf3 Ng6 15.
Kh1 a6 16. Nxe6 fxe6 17. Qxe6+ Ne7 18. Nd4 Kd8 19. Qf7 Bxd4 20. Bf4 Be5 21. Bxe5
Qxe5 22. Rae1 Qg5 0-1

[Event "Bundesliga 2012-13"]
[Site "Schwetzingen GER"]
[Date "2013.04.07"]
[Round "15"]
[Board "2"]
[White "Lupulescu, Constantin"]
[Black "Berkes, Ferenc"]
[Result "1/2-1/2"]
[WhiteTitle "GM"]
[BlackTitle "GM"]
[WhiteElo "2613"]
[BlackElo "2679"]
[WhiteTeam "SG Trier"]
[BlackTeam "SC Eppingen"]
[WhiteFideId "1207822"]
[BlackFideId "718572"]
[EventDate "2012.10.20"]
[EventType "team"]

1. d4 Nf6 2. c4 e6 3. g3 d5 4. Nf3 dxc4 5. Bg2 Nc6 6. Qa4 Bb4+ 7. Bd2 Nd5 8.
Bxb4 Nxb4 9. O-O Rb8 10. Na3 O-O 11. Qb5 b6 12. Qxc4 Ba6 13. Nb5 Qd5 14. Qxd5
Nxd5 15. a4 Na5 16. Ne5 Rbd8 17. Nxa7 Nb4 18. Rac1 Rxd4 19. Nb5 Bxb5 20. axb5 f6
21. e3 Rdd8 22. Nf3 Rf7 23. Bh3 Re7 1/2-1/2

[Event "Bundesliga 2012-13"]
[Site "Schwetzingen GER"]
[Date "2013.04.07"]
[Round "15"]
[Board "2"]
[White "Fressinet, Laurent"]
[Black "Jansa, Vlastimil"]
[Result "1/2-1/2"]
[WhiteTitle "GM"]
[BlackTitle "GM"]
[WhiteElo "2702"]
[BlackElo "2451"]
[WhiteTeam "SV Werder Bremen"]
[BlackTeam "SC Forchheim"]
[WhiteFideId "608742"]
[BlackFideId "300128"]
[EventDate "2012.10.20"]
[EventType "team"]

1. Nf3 g6 2. e4 Bg7 3. d4 d6 4. Nc3 Nf6 5. Be3 Bg4 6. Qd2 Bxf3 7. gxf3 Nbd7 8.
O-O-O a6 9. Qe2 c6 10. f4 Qa5 11. Bg2 O-O 12. Kb1 e6 13. h4 d5 14. e5 Ne8 15. h5
Nc7 16. hxg6 fxg6 17. Bd2 Qb6 18. Qe3 Rf7 19. Na4 Qa7 20. Qh3 Bf8 21. Be3 Be7
22. Rdg1 Nf8 23. Bf1 b5 24. Bd3 Rg7 25. f5 exf5 26. Bh6 Nce6 27. Bxg7 Nxg7 28.
Nc5 Bxc5 29. dxc5 Qf7 30. f4 Ra7 31. a3 Qe6 32. Qh4 Qe7 33. Qf6 Qxc5 34. b4 Qc3
35. Rxh7 Nxh7 36. Qxg6 Nf8 37. Qh6 Qxa3 38. Bxf5 Qxb4+ 39. Kc1 Qa3+ 40. Kb1 Qb4+
41. Kc1 Qd4 42. Be6+ Nxe6 43. Qxe6+ Kf8 44. Qf6+ Rf7 45. Qd6+ Re7 46. Qf6+ Rf7
47. Qd6+ Re7 48. Qf6+ Kg8 49. Rxg7+ Rxg7 1/2-1/2